[Event "AUTO-MASTER-1428"]
[Site "http://www.queenalice.com/game.php?id=948966"]
[Date "2011.6.12"]
[Round "1"]
[White "Fernandes_juazeiro"]
[Black "SuperTony2000"]
[Result "1/2-1/2"]
[WhiteElo "1974"]
[BlackElo "1994"]

1. e4 c5 2. Nf3 e6 3. Be2 Nf6 4. Nc3 d5 5. exd5 exd5 6. O-O d4 7. Nb1 Bd6 8.
Bb5+ Nc6 9. Re1+ Be6 10. Ng5 O-O 11. Nxe6 fxe6 12. Bxc6 bxc6 13. Rxe6 Qd7 14.
Re1 Ng4 15. g3 Nxf2 16. Qh5 Nh3+ 17. Kh1 Rf2 18. d3 g6 19. Qh4 Bxg3 20. Qxg3
Qd5+ 21. Re4 Raf8 22. Nd2 Qf5 23. Re1 Qd5+ 24. Re4 Qf5 25. Re1 Qd5+ 26. Re4
1/2-1/2

[Event "AUTO-MASTER-1428"]
[Site "http://www.queenalice.com/game.php?id=948967"]
[Date "2011.6.12"]
[Round "1"]
[White "SuperTony2000"]
[Black "Fernandes_juazeiro"]
[Result "1-0"]
[WhiteElo "1993"]
[BlackElo "1687"]

1. e4 c5 2. Nc3 g6 3. f4 e6 4. Nf3 Nc6 5. Bc4 Bg7 6. d3 Nd4 7. O-O Ne7 8. Be3
Nec6 9. Bb3 O-O 10. e5 Nxf3+ 11. Rxf3 Nd4 12. Rh3 Nxb3 13. axb3 b6 14. Qd2 f5
15. Nb5 h5 16. Bf2 a6 17. Bh4 axb5 18. Rxa8 Qe8 19. Rb8 d5 20. Rxb6 Bd7 21. Qa5
c4 22. bxc4 bxc4 23. dxc4 dxc4 24. Rc3 Bc6 25. Rxc4 Bd5 26. Rc7 Rf7 27. Qa7 Rxc7
28. Qxc7 Qa4 29. Qc3 Qxf4 30. Qe1 Bxe5 31. Bg3 Bd4+ 32. Kh1 1-0

[Event "AUTO-OPEN-2388"]
[Site "http://www.queenalice.com/game.php?id=949121"]
[Date "2011.6.13"]
[Round "1"]
[White "pcmvr"]
[Black "Fernandes_juazeiro"]
[Result "0-1"]
[WhiteElo "1723"]
[BlackElo "1974"]

1. b4 e5 2. Bb2 d6 3. c4 Nf6 4. e3 Be7 5. Nf3 O-O 6. Nc3 Bg4 7. Be2 Bxf3 8. Bxf3
c6 9. Qb3 Nbd7 10. O-O Rb8 11. d4 h6 12. Rad1 Qc8 0-1

[Event "AUTO-OPEN-2388"]
[Site "http://www.queenalice.com/game.php?id=949122"]
[Date "2011.6.13"]
[Round "1"]
[White "Fernandes_juazeiro"]
[Black "pcmvr"]
[Result "1-0"]
[WhiteElo "1967"]
[BlackElo "1730"]

1. e4 e6 2. d4 d5 3. exd5 exd5 4. Nf3 Nf6 5. Bd3 Bd6 6. O-O O-O 7. c3 Bg4 8. h3
Bh5 9. Be2 Nc6 10. Bg5 h6 11. Bh4 Bf4 12. g4 Bg6 13. Nbd2 1-0

[Event "AUTO-OPEN-2388"]
[Site "http://www.queenalice.com/game.php?id=949149"]
[Date "2011.6.13"]
[Round "1"]
[White "Gamingo"]
[Black "Fernandes_juazeiro"]
[Result "1-0"]
[WhiteElo "1847"]
[BlackElo "1596"]

1. e4 c5 2. d4 cxd4 3. c3 dxc3 4. Nxc3 d6 5. Bc4 Nf6 6. Nf3 g6 7. O-O Bg7 8. Bg5
O-O 9. Re1 Bg4 10. Qe2 Nc6 11. h3 Nd4 12. Qd1 Nxf3+ 13. gxf3 Bxh3 14. Nd5 Be6
15. Rc1 1-0

[Event "AUTO-OPEN-2388"]
[Site "http://www.queenalice.com/game.php?id=949150"]
[Date "2011.6.13"]
[Round "1"]
[White "Fernandes_juazeiro"]
[Black "Gamingo"]
[Result "0-1"]
[WhiteElo "1602"]
[BlackElo "1841"]

1. e4 e5 2. Nf3 Nc6 3. Bb5 f5 4. exf5 Nf6 5. O-O Bc5 6. c3 O-O 7. Bxc6 dxc6 8.
Ng5 Bxf5 9. d4 exd4 10. cxd4 Bd6 11. Nc3 h6 12. Nf3 Bb4 13. Be3 Bxc3 14. bxc3 b5
15. Ne5 Be4 0-1

[Event "AUTO-OPEN-2388"]
[Site "http://www.queenalice.com/game.php?id=949167"]
[Date "2011.6.13"]
[Round "1"]
[White "jartuga99"]
[Black "Fernandes_juazeiro"]
[Result "1-0"]
[WhiteElo "2030"]
[BlackElo "1681"]

1. e4 c5 2. Bc4 d6 3. Nf3 Nf6 4. d3 g6 5. Bg5 Bg7 6. h3 O-O 7. Nbd2 Nc6 8. a4
Ne5 9. Nxe5 dxe5 10. O-O Qc7 11. f4 exf4 12. Bxf4 e5 13. Bg5 1-0

[Event "AUTO-OPEN-2388"]
[Site "http://www.queenalice.com/game.php?id=949168"]
[Date "2011.6.13"]
[Round "1"]
[White "Fernandes_juazeiro"]
[Black "jartuga99"]
[Result "0-1"]
[WhiteElo "1683"]
[BlackElo "2028"]

1. e4 c5 2. Be2 Nc6 3. Nf3 d6 4. O-O Nf6 5. d3 g6 6. Nc3 Bg7 7. Rb1 a6 8. h3 O-O
9. Bf4 e5 10. Bg5 Qa5 11. a3 Be6 12. Bxf6 Bxf6 13. g4 Bg7 14. Ng5 Bd7 0-1

[Event "QA-ANNIV-07"]
[Site "http://www.queenalice.com/game.php?id=950777"]
[Date "2011.6.16"]
[Round "1"]
[White "Fernandes_juazeiro"]
[Black "Cuxtal"]
[Result "0-1"]
[WhiteElo "1975"]
[BlackElo "2473"]

1. e4 c5 2. Nf3 d6 3. Bc4 Nf6 4. d3 e6 5. O-O a6 6. a4 Nc6 7. Nc3 Be7 8. Ne2 O-O
9. h3 Qc7 10. Ng3 d5 0-1

[Event "AUTO-MASTER-1431"]
[Site "http://www.queenalice.com/game.php?id=951178"]
[Date "2011.6.18"]
[Round "1"]
[White "Buuuu"]
[Black "Fernandes_juazeiro"]
[Result "1-0"]
[WhiteElo "2113"]
[BlackElo "1965"]

1. e4 c5 2. Nf3 d6 3. d4 cxd4 4. Nxd4 Nc6 5. c4 Bd7 6. Nc3 Nf6 7. Be2 g6 8. O-O
Bg7 9. Nc2 O-O 10. Bd2 a6 11. Rc1 Rc8 12. b4 Nb8 13. a4 Nc6 14. a5 Ne5 15. Ne3
Be6 16. Qb3 Qc7 17. Ncd5 1-0

[Event "AUTO-MASTER-1431"]
[Site "http://www.queenalice.com/game.php?id=951179"]
[Date "2011.6.18"]
[Round "1"]
[White "Fernandes_juazeiro"]
[Black "Buuuu"]
[Result "0-1"]
[WhiteElo "1955"]
[BlackElo "2121"]

1. e4 e6 2. d4 d5 3. e5 c5 4. c3 Nc6 5. Be3 Nge7 6. Bb5 Bd7 7. Nf3 Ng6 8. Bxc6
Bxc6 9. O-O b6 10. Nbd2 Be7 11. Re1 O-O 12. Nf1 a5 13. Ng3 a4 14. a3 Bb5 15. h3
Bc4 16. Qd2 Qd7 17. Bg5 f6 18. exf6 gxf6 0-1

[Event "AUTO-MASTER-1431"]
[Site "http://www.queenalice.com/game.php?id=951190"]
[Date "2011.6.18"]
[Round "1"]
[White "Fernandes_juazeiro"]
[Black "Alexandrovinsk"]
[Result "0-1"]
[WhiteElo "1541"]
[BlackElo "2135"]

1. e4 c5 2. Nf3 d6 3. Be2 Nc6 4. O-O Nf6 5. d3 g6 6. c3 Bg7 7. Bg5 O-O 8. h3 Qc7
9. Nh2 b5 10. f4 e6 11. Ng4 Nxg4 12. Bxg4 f5 0-1

[Event "AUTO-MASTER-1431"]
[Site "http://www.queenalice.com/game.php?id=951191"]
[Date "2011.6.18"]
[Round "1"]
[White "Alexandrovinsk"]
[Black "Fernandes_juazeiro"]
[Result "1-0"]
[WhiteElo "2134"]
[BlackElo "1543"]

1. e4 c5 2. Nf3 d6 3. Nc3 Nf6 4. d4 cxd4 5. Nxd4 g6 6. f3 Bg7 7. Be3 O-O 8. Qd2
Nc6 9. h4 Nxd4 10. Bxd4 Bd7 11. O-O-O Qc7 12. Kb1 a6 13. Bxf6 1-0

[Event "AUTO-OPEN-2392"]
[Site "http://www.queenalice.com/game.php?id=951291"]
[Date "2011.6.18"]
[Round "1"]
[White "Fernandes_juazeiro"]
[Black "SAMOEL"]
[Result "0-1"]
[WhiteElo "1694"]
[BlackElo "1909"]

1. e4 e5 2. Nf3 d6 3. Bb5+ c6 4. Ba4 Nf6 5. d3 Qa5+ 6. Nc3 d5 7. exd5 Nxd5 8.
Bd2 Nxc3 9. Bxc6+ Nxc6 10. Bxc3 Bb4 11. O-O Bxc3 12. bxc3 Qxc3 0-1

[Event "AUTO-OPEN-2392"]
[Site "http://www.queenalice.com/game.php?id=951292"]
[Date "2011.6.18"]
[Round "1"]
[White "SAMOEL"]
[Black "Fernandes_juazeiro"]
[Result "1-0"]
[WhiteElo "1901"]
[BlackElo "1702"]

1. e4 c5 2. Qf3 d6 3. c3 Nf6 4. d4 cxd4 5. cxd4 g6 6. Bd2 Bg7 7. Bc4 O-O 8. Ne2
Nc6 9. O-O Bg4 10. Qd3 Bxe2 11. Qxe2 Nxd4 12. Qd3 1-0

[Event "AUTO-OPEN-2392"]
[Site "http://www.queenalice.com/game.php?id=951293"]
[Date "2011.6.18"]
[Round "1"]
[White "Fernandes_juazeiro"]
[Black "skorpion"]
[Result "0-1"]
[WhiteElo "1704"]
[BlackElo "2627"]

1. e4 c6 2. Nf3 d5 3. exd5 cxd5 4. Bb5+ Bd7 5. Bxd7+ Nxd7 6. O-O Ngf6 7. d4 Qc7
8. c3 e6 9. Re1 Bd6 10. g3 O-O 11. Kg2 Rae8 12. Qb3 Qc6 0-1

[Event "AUTO-OPEN-2392"]
[Site "http://www.queenalice.com/game.php?id=951294"]
[Date "2011.6.18"]
[Round "1"]
[White "skorpion"]
[Black "Fernandes_juazeiro"]
[Result "1-0"]
[WhiteElo "2626"]
[BlackElo "1706"]

1. e4 c5 2. c3 d6 3. d4 cxd4 4. cxd4 Nf6 5. Nc3 g6 6. Nf3 Bg7 7. Be2 O-O 8. O-O
Nc6 9. d5 Ne5 10. Nxe5 dxe5 11. Be3 a6 12. Rc1 Bd7 13. a4 1-0